000 00408nam a22001577a 4500
005 20251218144639.0
008 251218b |||||||| |||| 00| 0 eng d
020 _a978-81-203-4888-2
100 _aPRAMANIK, ASHTOSH
245 _aELECTROMAGNETISM
_bTHEORY
260 _aDELHI
_bPHI LEARNING
_c2024
300 _aXXXIII, 674P.
500 _aINCLUDES INDEX
650 _aELECTROMAGNETISM
942 _2lcc
_cBK
999 _c216356
_d216356